00778nam a2200217 a 450000100060000000300080000600500170001400800400003103500190007104000320009004100080012208200230013011000370015324501790019026000490036930000260041850000170044465000450046165000250050670000290053151427BD-RjUL20211209075646.0160831s1960 pk o00 0 eng d a(BD-RjUL)51547 aNYPcNYPdZCUdBD-RjULbeng aeng a379.5491bPAR 19601 aPakistan.bMinistry of Education10aReport of the Commission on National Education, Government of Pakistan, Ministry of Education, January-August 1959 /cPakistan. Ministry of Education ; Chairman: S. M. Sharif aKarachi :bManager of Publications, c[1960] aii, 360 p. ; c24 cm. aCover title. 4aEducation PolicyzPakistany20th century 0aEducationzPakistan. aSharif, S. M. , Chairman